Euthanasia : a Malaysian perspective

Bibliographic Details
Main Author: Norchaya Talib (Author)
Format: Book
Published: Petaling Jaya : Sweet & Maxwell Asia , 2002
Subjects:

MARC

LEADER 00000cam a2200000 7i4500
001 0000048721
005 20140702093000.0
008 050517s2002
020 |a 9839088971 
050 0 0 |a d46 KPG4058   |b .N67 2002 
090 0 0 |a d46 KPG4058   |b .N67 2002 
100 0 |a Norchaya Talib ,   |e author 
245 1 0 |a Euthanasia :   |b a Malaysian perspective   |c Norchaya Talib 
260 2 |a Petaling Jaya :   |b Sweet & Maxwell Asia ,   |c 2002 
300 |a xxiv, 293p. ;   |c 23cm. 
504 |a Includes bibliograhical references (p. 289-293) 
650 0 |a Euthanasia   |x Law and legislation   |z Malaysia 
650 0 |a Euthanasia   |x Religous aspects 
650 0 |a Euthanasia   |x Social aspects   |z Malaysia 
999 |a 1000101796   |b Book   |c Reference   |e Gong Badak Campus 
999 |a 1000106439   |b Book   |c OPEN SHELF (30 DAYS)   |e Gong Badak Campus